000 01140nam2a2200229 4500
001 RU\NLR\BIBL_A\022410985
005 20250113092208.0
021 _aRU
_bКН-П-24-067781
_9КН-П-24-6761
035 _a(NLR Aleph) 022410985
090 _a13335770
_c13335770
100 _a20241213d2024 u y0rusy50 ca
101 0 _arus
102 _aRU
105 _ao z 000gy
200 1 _aВеликая Отечественная война СССР с нацистским рейхом
_eв трёх частях
_hЧ. 2]
210 _d2024
215 _a302 с.
_cил.
461 0 _1001RU\NLR\BIBL_A\022118611
_12001#$aРусь$eпоэтическая летопись-эпопея в шести книгах из цикла Цивилизация$fС. Д. Атнилов$v[Кн. 4
_1700#1$aАтнилов$bС. Д.
_912800220
_aАтнилов, С. Д.
_cМосква
_d2023-
_fС. Д. Атнилов
_n[б. и.]
_oпоэтическая летопись-эпопея в шести книгах из цикла Цивилизация
_tРусь
_v[Кн. 4
942 _cBOOK
980 _aNB